|
|
|
|
| LEADER |
01000nam a2200193 a 4500 |
| 001 |
GR-MES7977 |
| 008 |
010703s1970 gr 000 0 gre d |
| 040 |
|
|
|a GrPaTEI
|b gre
|c GR-PaULI
|
| 040 |
|
|
|a GrPaTEI
|b gre
|c GR-PaULI
|
| 245 |
0 |
0 |
|a Καλλιέργειαι εις την θάλασσαν μυδοκαλλιέργειαι πρακτικαί οδηγιαι :
|b πως να δημιουργήσετε επιτυχώς ένα μυδοτροφείον /
|c Κων/νος Ρηγόπουλος.
|
| 260 |
|
|
|a Αθήνα :
|b Καλλιεργητής,
|c 1970
|
| 300 |
|
|
|a 55 σελ.
|
| 500 |
|
|
|a βιβλιογραφία :σελ (53-55)
|
| 650 |
|
4 |
|a μυδοκαλλιεργεια
|
| 700 |
1 |
|
|a ΡΗΓΟΠΟΥΛΟΣ, ΚΩΝ/ΝΟΣ
|
| 942 |
|
|
|2 ddc
|
| 952 |
|
|
|0 0
|1 0
|2 ddc
|4 0
|6 639_440000000000000_ΡΗΓ
|7 0
|9 278357
|a MSLG
|b MSLG
|c BSC
|d 2021-01-17
|e 24
|f 0
|g 0.00
|l 0
|o 639.44 ΡΗΓ
|p 2420000017135
|r 2021-01-17 00:00:00
|t 1
|w 2021-01-17
|y BK15
|x 20010703 0 1
|x GrPaTEI
|
| 971 |
|
|
|a .b25864476
|b 16-04-20
|c 14-09-16
|
| 999 |
|
|
|c 161929
|d 161929
|